000 00372nam a2200145Ia 4500
008 100122s9999 xx 000 0 und d
082 _b4558
_a823
100 _aआपटे ना ह
245 _aउमज पडेलतर
260 _c1924
300 _a50
630 _aउमज पडेलतर
730 _aउमज पडेलतर
942 _cBOOK
999 _c398116
_d398113